000 00451nam a2200145Ia 4500
008 100122s9999 xx 000 0 und d
082 _b61647
_a613
100 _aनानल रमेश
245 _aआहार रहस्य भाग 1
260 _bघरकुल प्रकाशन
_c1986
300 _a135
630 _aआहार रहस्य भाग 1
730 _aआहार रहस्य भाग 1
942 _cBOOK
999 _c436317
_d436314